00390nam a2200169Ia 4500003000500000008004100005020001800046040001900064082000700083100001500090245003100105250000600136260004800142300001000190365000800200546001200208STCL230729s9999 xx 000 0 und d a9780070702066 aSTCLcSTCLbEN 222 aKalsi, H S 0aElectronic instrumentation a3 bTata McGraw Hill EducationaNew Delhic2010 a829 p b350 aEnglish